| 000 | 00000nas 2200000zi 4500 |
| 001 | 9.921861 |
| 003 | CaOODSP |
| 005 | 20230421110017 |
| 006 | m o d f |
| 007 | cr bn||||||||| |
| 008 | 230421d19521976oncuu p o f000#a0eng|d |
| 022 | |y0318-6768 |
| 040 | |aCaOODSP|beng|erda|cCaOODSP |
| 041 | |aeng|afre |
| 043 | |an-cn--- |
| 086 | 1 |aPF1-8-PDF |
| 245 | 00|aDaily checklist of government publications = |bListe quotidienne des publications fédérales. |
| 246 | 11|aListe quotidienne des publications fédérales |
| 264 | 1|aOttawa : |bInformation Canada, |c1952-1976. |
| 336 | |atext|btxt|2rdacontent |
| 337 | |acomputer|bc|2rdamedia |
| 338 | |aonline resource|bcr|2rdacarrier |
| 362 | 0 |aNov. 7, 1952 - Apr. 9, 1976. |
| 500 | |aDigitized edition from print [produced by the Publishing and Depository Services Directorate]. |
| 515 | |aNumbering begins each year with no. 1. |
| 546 | |aText in English and French. |
| 550 | |aIssued Nov. 7, 1952-Nov. 16, 1964 by Dept. of Public Printing and Stationery; Nov. 17, 1964-Sept. 3, 1970 by Queen's Printer; Sept. 4, 1970- by Information Canada. |
| 710 | 1 |aCanada.|bInformation Canada, |eissuing body. |
| 710 | 1 |aCanada. |bQueen's Printer, |eissuing body. |
| 710 | 1 |aCanada.|bDepartment of Public Printing and Stationery, |eissing body. |
| 785 | 00|tDaily checklist of Canadian government publications |w(CaOODSP)9.809107 |
| 792 | |tDaily checklist of government publications |efre|w(CaOODSP)9.921859 |